Statistics for Cuphead

Click here to take the quiz!

General Stats

  • This quiz has been taken 66 times
  • The average score is 11 of 15

Answer Stats

HintAnswer% Correct
Cupheads brotherMugman
98%
Floral furyCagney Carnation
78%
The boss that owns your soul contractDevil
78%
The frog brosRibby and Croaks
76%
The henchman of the BossKing Dice
73%
She is a flying zeplinHilda Burg
71%
Botanic Panic. Has the three bossesThe Root Pack
71%
Aviary Action or the birdWally Warbles
71%
The leader of the candy or, Sugarland ShimmyBaroness Von Bon Bon
69%
Fiery Frolick or the name of the DragonGrim Matchstick
69%
The GennieDjimmi the Great
65%
The clown or the Carnival KerfuffleBeppi the Clown
64%
Ruse of an ooze. He is the blue bouncy boyGoopy Le Grand
64%
The rat in a tankWerner Werman
60%
Honeycomb Herald or the queen beeRumor Honeybottoms
58%

Score Distribution

Percentile by Number Answered

Percent of People with Each Score

Your Score History

You have not taken this quiz